Les tournois AEW impliquant des titres - Statistiques

Statistiques générales
  • Ce quiz a été pris 10 fois
  • Le résultat moyen est 53 sur 106
Statistiques - réponses
Réponse % Correct
AEW World Trios Title Tournament 2022 Slim J First Round
100%
AEW World Trios Title Tournament 2022 Adam Page Final (remplacement)
88%
Grand Slam Tournament of Champions 2022 Adam Page First Round
88%
Grand Slam Tournament of Champions 2022 Chris Jericho Semi-Final
88%
Continental Classic 2024 Kazuchika Okada Winner
88%
AEW World Tag Team Title Tournament 2024 Matthew Jackson Winner
88%
AEW World Tag Team Title Tournament 2019 Matt Jackson First Round
88%
AEW World Trios Title Tournament 2022 Matt Jackson Winner
88%
AEW World Tag Team Title Tournament 2024 Nicholas Jackson Winner
88%
AEW World Tag Team Title Tournament 2019 Nick Jackson First Round
88%
AEW World Trios Title Tournament 2022 Nick Jackson Winner
88%
AEW World Trios Title Tournament 2022 Penta El Zero Miedo First Round
88%
AEW World Tag Team Title Tournament 2019 Pentagon jr Final
88%
AEW World Tag Team Title Tournament 2019 Rey Fenix Final
88%
AEW World Trios Title Tournament 2022 Rey Fenix First Round
88%
AEW World Trios Title Tournament 2022 Will Ospreay Semi-Final
88%
Continental Classic 2024 Will Ospreay Final
88%
AEW World Trios Title Tournament 2022 Brody King First Round
75%
Continental Classic 2023 Brody King Blue League
75%
Continental Classic 2024 Brody King Gold League
75%
Grand Slam Tournament of Champions 2022 Bryan Danielson Final
75%
Continental Classic 2023 Bryan Danielson Semi-Final
75%
AEW World Tag Team Title Tournament 2024 Cash Wheeler Final
75%
TNT Title Tournament 2020 Darby Allin Semi-Final
75%
Grand Slam Tournament of Champions 2022 Darby Allin First Round
75%
Continental Classic 2024 Darby Allin Gold League
75%
AEW World Tag Team Title Tournament 2024 Dax Harwood Final
75%
Grand Slam Tournament of Champions 2022 Jon Moxley Winner
75%
Continental Classic 2023 Jon Moxley Final
75%
Continental Classic 2024 Juice Robinson Gold League
75%
AEW World Trios Title Tournament 2022 Kenny Omega Winner
75%
AEW World Trios Title Tournament 2022 Kyle Fletcher Semi-Final
75%
Continental Classic 2024 Kyle Fletcher Semi-Final
75%
Continental Classic 2024 Beast Mortos Blue League
63%
Continental Classic 2023 Claudio Castagnoli Blue League
63%
Continental Classic 2024 Claudio Castagnoli Gold League
63%
Continental Classic 2023 Eddie Kingston Winner
63%
AEW World Tag Team Title Tournament 2019 Isiah Kassidy Semi-Final
63%
AEW World Tag Team Title Tournament 2024 Isiah Kassidy Quarter Final
63%
TBS Title Tournament 2021 Jade Cargill Winner
63%
Continental Classic 2023 Jay White Semi-Final
63%
Continental Classic 2024 Komander Gold League (remplacement)
63%
AEW World Trios Title Tournament 2022 Malakai Black First Round
63%
AEW World Trios Title Tournament 2022 Orange Cassidy Semi-Final
63%
AEW World Tag Team Title Tournament 2024 Orange Cassidy Semi-Final
63%
AEW World Trios Title Tournament 2022 PAC First Round
63%
Continental Classic 2024 Ricochet Semi-Final
63%
TNT Title Tournament 2020 Sammy Guevara First Round
63%
Grand Slam Tournament of Champions 2022 Sammy Guevara Semi-Final
63%
AEW World Tag Team Title Tournament 2019 Scorpio Sky Winner
63%
AEW World Trios Title Tournament 2022 Andrade El Idolo First Round
50%
AEW World Trios Title Tournament 2022 Buddy Matthews First Round
50%
TNT Title Tournament 2020 Cody Rhodes Winner
50%
Continental Classic 2023 Daniel Garcia Blue League
50%
Continental Classic 2024 Daniel Garcia Blue League
50%
AEW World Trios Title Tournament 2022 Dragon Lee First Round
50%
TNT Title Tournament 2020 Dustin Rhodes Semi-Final
50%
AEW World Tag Team Title Tournament 2019 Frankie Kazarian Winner
50%
AEW World Tag Team Title Tournament 2019 Jungle Boy First Round
50%
Continental Classic 2023 Mark Briscoe Gold League
50%
Continental Classic 2024 Mark Briscoe Blue League
50%
AEW World Tag Team Title Tournament 2019 Marq Quen Semi-Final
50%
AEW World Tag Team Title Tournament 2024 Marq Quen Quarter Final
50%
AEW World Trios Title Tournament 2022 Alex Reynolds Final
38%
TBS Title Tournament 2021 Anna Jay First Round
38%
AEW World Tag Team Title Tournament 2024 Big Bill Quarter Final
38%
AEW World Tag Team Title Tournament 2019 Evil Uno Semi-Final
38%
TBS Title Tournament 2021 Jamie Hayter Quarter Final
38%
Continental Classic 2023 Jay Lethal Gold League
38%
AEW World Trios Title Tournament 2022 John Silver Final
38%
TBS Title Tournament 2021 Kris Statlander Quarter Final
38%
TNT Title Tournament 2020 Lance Archer Final
38%
AEW World Trios Title Tournament 2022 Mark Davis Semi-Final
38%
AEW World Tag Team Title Tournament 2024 Ricky Starks Quarter Final
38%
AEW World Trios Title Tournament 2022 Rush First Round
38%
Continental Classic 2023 Rush Gold League
38%
AEW World Tag Team Title Tournament 2019 Stu Grayson Semi-Final
38%
AEW World Tag Team Title Tournament 2019 Chuck Taylor First Round
25%
AEW World Trios Title Tournament 2022 Chuck Taylor Semi-Final
25%
AEW World Tag Team Title Tournament 2024 Dante Martin Semi-Final
25%
AEW World Tag Team Title Tournament 2024 Darius Martin Semi-Final
25%
TBS Title Tournament 2021 Nyla Rose Semi-Final
25%
TBS Title Tournament 2021 Ruby Soho Final
25%
Continental Classic 2024 Shelton Benjamin Blue League
25%
AEW World Trios Title Tournament 2022 Ten Final
25%
TBS Title Tournament 2021 Thunder Rosa Semi-Final
25%
AEW World Tag Team Title Tournament 2019 Trent Beretta First Round
25%
AEW World Trios Title Tournament 2022 Trent Beretta Semi-Final
25%
AEW World Tag Team Title Tournament 2024 Trent Beretta Semi-Final
25%
Continental Classic 2023 Andrade El Idolo Blue League
13%
AEW World Trios Title Tournament 2022 Ari Daivari First Round
13%
TBS Title Tournament 2021 Hikaru Shida Quarter Final
13%
AEW World Tag Team Title Tournament 2019 Marko Stunt First Round
13%
TBS Title Tournament 2021 Red Velvet Quarter Final
13%
AEW World Tag Team Title Tournament 2024 Carlie Bravo Quarter Final
0%
TNT Title Tournament 2020 Colt Cabana First Round
0%
TNT Title Tournament 2020 Kip Sabian First Round
0%
AEW World Tag Team Title Tournament 2024 Matt Taven Quarter Final
0%
AEW World Tag Team Title Tournament 2024 Mike Bennett Quarter Final
0%
AEW World Trios Title Tournament 2022 Parker Boudreaux First Round
0%
TBS Title Tournament 2021 Penelope Ford First Round
0%
TBS Title Tournament 2021 Serena Deeb First Round
0%
AEW World Tag Team Title Tournament 2024 Shawn Dean Quarter Final
0%
TNT Title Tournament 2020 Shawn Spears First Round
0%
Continental Classic 2023 Swerve Strickalnd Semi-Final
0%
TBS Title Tournament 2021 The Bunny First Round
0%
Aucun quiz correspondant
Distribution des résultats
% des personnes avec chaque résultat
Percentile par nombre de réponses
Votre historique - résultats
Vous n’avez pas pris ce quiz